Chargement en cours...

The Wealth of India

Détails bibliographiques
Format: Printed Book
Publié: Council of Scientific & Industrial Research, New Delhi 1953
LEADER 00316nam a2200109 4500
082
100
245 |a The Wealth of India 
260 |a Council of Scientific & Industrial Research, New Delhi  |c 1953 
942 |c BK 
999 |c 195147  |d 195147 
952 |0 0  |1 0  |4 0  |7 0  |9 208496  |a DCI  |b DCI  |d 2019-10-29  |l 0  |p DCI1542  |r 2019-10-29  |w 2019-10-29  |y BK